| 000 | 01165cab a22001935a 4500 | ||
|---|---|---|---|
| 001 | L142666 | ||
| 008 | 080227e20080223xxk f 000 0 eng d | ||
| 035 | _a(Sirsi) u142666 | ||
| 041 | 0 | _aeng | |
| 100 | 1 | _aEdwards, Simon | |
| 245 | 0 | 0 | _aFloor exercises don't always pay off |
| 260 | _c2008 | ||
| 490 |
_aEstates Gazette _v(0807) 23 February 2008, 135(1) |
||
| 520 | _aConsiders some of the problems associated with dividing service charges between tenants in mixed-use leisure areas. In such developments, apportioning according to floor space often fails to provide a fair solution. Considers issues such as varied opening hours and destination occupiers which attract significantly more custom to the centre as a whole. Considers individual visitor footfall counts and note its widespread criticism by commercial tenants and the RICS code of practice on sercice charges in commercial property (L133990). Notes that as uses change over time, any scheme put in place will need constant review. | ||
| 590 | _aKA | ||
| 651 | 4 |
_aUnited Kingdom _y |
|
| 690 | _aPROPERTY-COMMERCIAL PROPERTY-COMMERCIAL LANDLORD AND TENANT-COMMERCIAL SERVICE CHARGES | ||
| 942 | _n0 | ||
| 999 |
_c79904 _d79904 |
||